Diccionario y gramática chibcha (Record no. 173231)
[ view plain ]
| 000 -LEADER | |
|---|---|
| campo de control de longitud fija | 00989nam a2200241 i 4500 |
| 001 - NÚMERO DE CONTROL | |
| campo de control | 173231 |
| 003 - IDENTIFICADOR DE NÚMERO DE CONTROL | |
| campo de control | ES-MaACL |
| 005 - FECHA Y HORA DE LA ÚLTIMA TRANSACCIÓN | |
| campo de control | 20250628053047.0 |
| 008 - DATOS DE LONGITUD FIJA--INFORMACIÓN GENERAL | |
| campo de control de longitud fija | 091120s1987 ck d |||| | spa d |
| 080 ## - NÚMERO DE LA CLASIFICACIÓN DECIMAL UNIVERSAL | |
| Número de la Clasificación Decimal Universal | 811.872.1'36 |
| 245 00 - MENCIÓN DEL TÍTULO | |
| Título | Diccionario y gramática chibcha |
| Resto del título | : manuscrito anónimo de la Biblioteca Nacional de Colombia / |
| Mención de responsabilidad, etc. | transcripción y estudio histórico-analítico por María Stella González de Pérez. |
| 260 ## - PUBLICACIÓN, DISTRIBUCIÓN, ETC. | |
| Lugar de publicación, distribución, etc. | Bogotá : |
| Nombre del editor, distribuidor, etc. | Instituto Caro y Cuervo, |
| Fecha de publicación, distribución, etc. | 1987. |
| 300 ## - DESCRIPCIÓN FÍSICA | |
| Extensión | 395 p., [28] p. ; |
| Dimensiones | 23 cm. |
| 490 1# - MENCIÓN DE SERIE | |
| Mención de serie | Biblioteca "Ezequiel Uricoechea" ; |
| Designación de volumen o secuencia | 1 |
| 650 #7 - PUNTO DE ACCESO ADICIONAL DE MATERIA--TÉRMINO DE MATERIA | |
| Término de materia o nombre geográfico como elemento de entrada | Lengua chibcha- |
| Subdivisión general | Gramática. |
| 9 (RLIN) | 14110 |
| 650 #4 - PUNTO DE ACCESO ADICIONAL DE MATERIA--TÉRMINO DE MATERIA | |
| Término de materia o nombre geográfico como elemento de entrada | Indios de América del Sur- |
| Subdivisión general | Lenguas. |
| 9 (RLIN) | 143159 |
| 700 1# - ENTRADA AGREGADA--NOMBRE PERSONAL | |
| Nombre de persona | González de Pérez, María Stella. |
| 9 (RLIN) | 162813 |
| 710 2# - ENTRADA AGREGADA--NOMBRE DE ENTIDAD CORPORATIVA | |
| Nombre de entidad corporativa o nombre de jurisdicción como elemento de entrada | Instituto Caro y Cuervo. |
| 9 (RLIN) | 4806 |
| 830 0# - PUNTO DE ACCESO ADICIONAL DE SERIE-TÍTULO UNIFORME | |
| Título uniforme | Biblioteca "Ezequiel Uricoechea" ; |
| Designación de volumen o secuencia | 1 |
| 9 (RLIN) | 189201 |
| 852 ## - LOCALIZACIÓN | |
| Ubicación | ES-MaACL |
| Ubicación en estantería | Depósito 2 |
| Donativo/Legado | Donat. herederos José Prat |
| Número de control de estantería | C-57075 |
| 942 ## - ELEMENTOS DE ENTRADA SECUNDARIOS (KOHA) | |
| Fuente del sistema de clasificación o colocación | Clasificación decimal universal |
| Tipo de ítem Koha | Libro impreso |
| Suprimir en OPAC | No |
| Estatus retirado | Estado de pérdida | Estado de daño | No para préstamo | Colección | Biblioteca de origen | Biblioteca actual | Ubicación en estantería | Fecha de adquisición | Fuente de adquisición | Total de préstamos | Signatura topográfica completa | Código de barras | Visto por última vez | Precio de reemplazo | Tipo de ítem Koha |
|---|---|---|---|---|---|---|---|---|---|---|---|---|---|---|---|
| Colección de referencia | Biblioteca del Ateneo de Madrid | Biblioteca del Ateneo de Madrid | Depósito 2 | 20/11/2009 | C-57075 | 1181771 | 23/02/2023 | 23/02/2023 | Libro impreso |
